Trees by Picture - Statistics

General Stats
  • This quiz has been taken 717 times
  • The average score is 8 of 12
Answer Stats
Picture Answer % Correct
Palm
99%
Oak
94%
Pine
86%
Weeping Willow
84%
Birch
83%
Maple
77%
Mangrove
56%
Giant Sequoia
55%
Baobab
52%
Poplar
39%
Olive
37%
Gum
21%
No matching quizzes found
Score Distribution
Percent of People with Each Score
Percentile by Number Answered
Your Score History
You have not taken this quiz